| 000 | 00622nam a22001577a 4500 | ||
|---|---|---|---|
| 003 | OSt | ||
| 005 | 20150917164720.0 | ||
| 008 | 150917b xxu||||| |||| 00| 0 eng d | ||
| 040 | _cRUA | ||
| 082 | _aAGR POR 2004 B031 Or.1 | ||
| 100 |
_9709 _aPOR, NENG. |
||
| 245 | _aStudy on market demand of future butterfly products in phnom penh ការសិក្សាពីតំរូវការទីផ្សារផលិតផលពីមេអំបៅទៅថ្ងៃអនាគត នៅរាជធានីភ្នំពេញ | ||
| 260 |
_aPhnom Penh _bRUA _c2004 |
||
| 300 |
_a48p. _bill. _c29cm. |
||
| 942 |
_2ddc _cAGR |
||
| 999 |
_c683 _d683 |
||